000 00784nam a2200253Ia 4500
003 OSt
005 20220918165833.0
006 a|||||r|||| 00| 0
007 ta
008 220917b |||||||| |||| 00| 0 eng d
020 _a8173917663 (hbk)
_c350
024 _a246,023
037 _b01511, 21/02/2011, Kanishka Publishers Distributors
_cTextual
040 _aARTS
_cARTS
_beng
041 _2eng
_aeng
082 _aY15-4.2, P5
100 _aJha Madhu
_925735
245 0 _aWomen in decision-making positions
_b Where nimbers matter
260 _aNew Delhi
_bKanishka India
_c2005
300 _a142p.
_ccm.
650 _aSOCIOLOGY
942 _hY15-4.2, P5
_cTEXL
_2CC
999 _c131312
_d131312